| 000 | 00826nam a22002777a 4500 | ||
|---|---|---|---|
| 001 | 3484 | ||
| 003 | FISKH | ||
| 005 | 20250801091513.0 | ||
| 008 | 240312b cb ||||| |||| 00| 0 eng d | ||
| 020 | _a9780545303026 | ||
| 040 |
_aFISKH _beng _cFISKH _dFISKH |
||
| 100 |
_aReynolds, Peter H. _eauthor |
||
| 245 |
_aish / _cby Peter H. Reynolds |
||
| 250 | _a813.54 | ||
| 260 | _aPZ7.R337645 | ||
| 300 |
_a30 unnumbered pages : _bcolor illustrations ; _c20 cm . |
||
| 490 | _a Creatrilogy | ||
| 505 | _aK | ||
| 520 | _aRamon loses confidence in his ability to draw, but his sister gives him a new perspective on things. | ||
| 521 | 8 |
_a510
_bLexile |
|
| 521 | 8 |
_aK
_bRaz-Plus |
|
| 600 |
_2Siblings _vRealistic Fiction |
||
| 650 |
_aself-confidence _vFiction |
||
| 942 |
_2ddc _cBK _n0 |
||
| 999 |
_c3484 _d3484 |
||